Central Library OPAC University of Rajshahi

অমিয় গরল / (Record no. 48182)

MARC details
000 -LEADER
fixed length control field 00783nam a2200229 a 4500
001 - CONTROL NUMBER
control field 48182
003 - CONTROL NUMBER IDENTIFIER
rucl marc code BD-RjUL
005 - DATE AND TIME OF LATEST TRANSACTION
control field 20211209054456.0
008 - FIXED-LENGTH DATA ELEMENTS--GENERAL INFORMATION
fixed length control field 160813s2004 bg ||||| |||| 00| 0 ben d
020 ## - INTERNATIONAL STANDARD BOOK NUMBER
International Standard Book Number 9848000402
Terms of availability : Tk.130.00
035 ## - SYSTEM CONTROL NUMBER
System control number (BD-RjUL)48301
040 ## - CATALOGING SOURCE
Original cataloging agency BD-RjUL
Language of cataloging ben
Transcribing agency BD-RjUL
Modifying agency BD-RjUL
041 ## - LANGUAGE CODE
Language code of text/sound track or separate title ben
082 ## - DEWEY DECIMAL CLASSIFICATION NUMBER
Edition number 23
Classification number 891.444
Author mark and year SAA 2004
100 ## - MAIN ENTRY--PERSONAL NAME
Personal name সারওয়ার, গোলাম
9 (RLIN) 145745
245 10 - TITLE STATEMENT
Title অমিয় গরল /
Statement of responsibility, etc. গোলাম সারওয়ার,
260 ## - PUBLICATION, DISTRIBUTION, ETC. (IMPRINT)
Place of publication, distribution, etc. ঢাকা :
Name of publisher, distributor, etc. পারিজাত প্রকাশনী,
Date of publication, distribution, etc. ২০০৪.
300 ## - PHYSICAL DESCRIPTION
Pagination ১৫২ পৃ. ;
Size ২৫ সেমি.
650 ## - SUBJECT ADDED ENTRY--TOPICAL TERM
Topical term or geographic name as entry element বাংলা প্রবন্ধ
9 (RLIN) 145746
Topical term or geographic name as entry element Bengali Essays
9 (RLIN) 145747
942 ## - ADDED ENTRY ELEMENTS (KOHA)
Source of classification or shelving scheme Dewey Decimal Classification
Koha item type Books
Holdings
Lost status Source of classification or shelving scheme Damaged status Not for loan Collection code Permanent Location Current Location Shelving location Date acquired Source of acquisition Cost, normal purchase price Total Checkouts Full call number Date last seen Copy number Koha item type
  Dewey Decimal Classification     Non-fiction Central Library, University of Rajshahi Central Library, University of Rajshahi   24/03/2004 Imprial books, Rajshahi 130.00   B 891.444 SAA 2004 13/08/2016 C-2 Books